00567nam a22001817a 450000500170000001000150001702000270003203500140005903700150007308200140008824500610010226000450016327000670020830000300027549000360030550000190034170000250036020180711130106.0 aENG-123442 c4995.00a9780199479658 aEN-106974 bDBAD/PUB.  a617.96748 aPaediatric neuroanaesthesia /ced. by Hemanshu Prabhakar aNew DelhibOxford University Pressc2018 a2/11, Ground Floor, Ansari Road, Daryaganj,bNew Delhie110002 axxv,394p.c28cm(Hb)bill. aOxford clinical practice series aIncludes index aPrabhakar, Hemanshu